Liderazgo y desarrollo de capacidades en la escuela

Na minha lista:
Detalhes bibliográficos
Autor principal: Harris, Alma (Author)
Formato: Livro
Idioma:espanhol
Publicado em: Santiago Fundación Chile 2012
Colecção:Liderazgo Educativo
Assuntos:
Tags: Adicionar Tag
Sem tags, seja o primeiro a adicionar uma tag!

MARC

LEADER 00000cam a2200000 a 4500
001 UCF6365
003 CL-VaPUC
008 130425e20120000CL |||||||||||||||||spa|d
020 |a 9789568200275 
082 0 4 |a 371.1024  |b HAR  |2 21 
100 |a Harris, Alma  |e author  |9 568326 
245 1 0 |a Liderazgo y desarrollo de capacidades en la escuela 
300 |a 125 p 
942 |c BK 
945 |d 20130425 00:00:00  |a dcastane 
260 |a Santiago  |b Fundación Chile  |c 2012 
650 0 |a Formación profesional de profesores  |9 307493 
650 0 |a Rol del docente  |9 329733 
650 0 |a Disciplina escolar  |9 271077 
650 0 |a Liderazgo  |9 271835 
583 |a last modification  |c 20130425 11:23:00  |k Rodrigo Vera 
490 0 |a Liderazgo Educativo 
999 |c 351586  |d 351584 
952 |0 0  |1 0  |4 0  |6 371_102400000000000_HAR_2012  |7 0  |8 X  |9 455773  |a FDOBUD  |b FDOBUD  |d 2019-11-22  |i 4965698  |o 371.1024 HAR 2012  |p 4965698  |r 2019-11-22  |w 2019-11-22  |y BK_X  |k BUD